Přehled českého občanského práva /

Hlavní autor: Schelle, Karel, 1952-2026
Jazyk: Čeština
Vydáno: Podhájska : Východoeurópska agentúra pre rozvoj, 2012
Vydání: 1. vyd.
Témata:
Fyzický popis: 222 s. ; 21 cm
Knihy
Uloženo v:
LEADER 01124nam a2200337 a 4500
001 001211410
003 CZ BrMZK
005 20120528135116.0
007 ta
008 120510s2012 xo e 000 0 cze
020 |a 978-80-970836-7-0  |q (brož.) 
040 |a BOA001  |b cze 
043 |a e-xr--- 
072 7 |a 347  |x Soukromé právo  |2 Konspekt  |9 16 
080 |a 347  |2 MRF 
080 |a (437.3)  |2 MRF 
080 |a (048.8:082)  |2 MRF 
100 1 |a Schelle, Karel,  |d 1952-2026  |7 jn99240001045  |4 aut 
245 1 0 |a Přehled českého občanského práva /  |c Karel Schelle a kol. 
250 |a 1. vyd. 
260 |a Podhájska :  |b Východoeurópska agentúra pre rozvoj,  |c 2012 
300 |a 222 s. ;  |c 21 cm 
500 |a Pod názvem: Bratislava 2012 
500 |a 100 výt. 
504 |a Obsahuje bibliografii a bibliografické odkazy 
650 0 7 |a občanské právo  |7 ph115540  |z Česko  |2 czenas 
655 7 |a kolektivní monografie  |7 fd501537  |2 czenas 
910 2 |a BOA001  |b 2-1280.490 
990 |a BK 
991 |b 201205  |c NOV  |e n 
996 7 |b 2610510254  |c 2-1280.490  |l MZK  |r Sklad / do 1 hodiny  |n 8  |p dar  |w 001245702  |u 000010  |a 1  |e BOA001  |j MZK50  |s A